Triebfahrzeuge der ÖBB - Statistiken

Allgemein
  • Dieses Quiz wurde 120 mal gespielt
  • Das Durchschnittsergebnis liegt bei 9 aus 13
Antwortstatistiken
Bildquiz Antwort % Korrekt
ÖBB 1016 (Taurus)
100%
ÖBB 1144 (Alpenstaubsauger)
85%
ÖBB 1142
83%
ÖBB 2143
78%
ÖBB 1293 (Vectron)
77%
ÖBB 2016 (Hercules)
77%
ÖBB 4020
74%
ÖBB 4024 (Talent)
74%
ÖBB 5047
72%
ÖBB 5022 (Desiro)
65%
ÖBB 4744 (Desiro ML)
57%
ÖBB 2070 (Hector)
55%
ÖBB 1163
42%
Keine übereinstimmenden Quizze gefunden
Verteilung der Resultate
Anzahl Personen mit jedem Resultat
Perzentil nach korrekt beantworteten Fragen
Ihre Resultats-Entwicklung
Sie haben dieses Quiz noch nicht gespielt